00493 a2200157 4500050002100000110003600021245007600057264004100133300001200174440002400186500005000210650002800260650002500288650000900313651001300322 aKQE 512 RHO 1975 aRhodesia Government (Authority) aRhodesia government gazette :cRhodesia Governmentb(Part 4). 673-930 / aZimbabwe:bGovernment Printer,c1975 a1162p.: aVolume 111 (part 2) aIncludes bibliographical references and index aSubsidiary legislation  aAfrican councils act aActs aRhodesia